How to teach grammar /
Bewaard in:
| Hoofdauteur: | |
|---|---|
| Formaat: | Sách giấy |
| Taal: | English |
| Gepubliceerd in: |
England :
Longman,
1999.
|
| Onderwerpen: | |
| Tags: |
Voeg label toe
Geen labels, Wees de eerste die dit record labelt!
|
| Thư viện lưu trữ: | Thư viện Trường Đại học Đà Lạt |
|---|
| LEADER | 00688nam a2200301 4500 | ||
|---|---|---|---|
| 001 | DLU110120700 | ||
| 005 | ##20110506 | ||
| 040 | # | # | |a DLU |b vie |
| 041 | # | # | |a eng |
| 044 | # | # | |a vn |
| 082 | # | # | |a 428.007 |b TH-S |
| 100 | # | # | |a Thornbury, Scott. |
| 245 | # | # | |a How to teach grammar / |c Scott Thornbury. |
| 260 | # | # | |a England : |b Longman, |c 1999. |
| 300 | # | # | |a ix, 182 tr. ; |c 27 cm. |
| 653 | # | # | |a English language |
| 653 | # | # | |a Study and teaching |
| 923 | # | # | |a 01/2011NN |
| 991 | # | # | |a GT |
| 992 | # | # | |a 55000 |
| 994 | # | # | |a KNN |
| 900 | # | # | |a True |
| 911 | # | # | |a Đào Thị Thu Huyền |
| 925 | # | # | |a G |
| 926 | # | # | |a A |
| 927 | # | # | |a SH |
| 980 | # | # | |a Thư viện Trường Đại học Đà Lạt |